Normal view
MARC view
- Transportation
Entry Topical Term
001 - CONTROL NUMBER
- control field: 5585
003 - CONTROL NUMBER IDENTIFIER
- control field: OSt
005 - DATE AND TIME OF LATEST TRANSACTION
- control field: 20170517150453.0
008 - FIXED-LENGTH DATA ELEMENTS
- fixed length control field: 170517|| aca||aabn | a|a d
040 ## - CATALOGING SOURCE
- Original cataloging agency: OSt
- Transcribing agency: OSt
150 ## - HEADING--TOPICAL TERM
- Topical term or geographic name entry element: Transportation
- General subdivision: Safety measures
670 ## - SOURCE DATA FOUND
- Source citation: Work cat.: (OSt)0: Malaysia. Jabatan Standard 5568, Manual of tests and criteria for transport of dangerous goods. Part 3, Classification procedures, test methods and criteria relating to self-reactive substances of division 4.1 and organic peroxides of division 5.2 - section 5: test series D /, 2010

PORTAL AKMAL
E-MEL JKDM
AKMAL2U
G-BAM
u-PUSTAKA